From the Transformation to a Market Economy: The Two Decades Management Story of East-west Joint Ventures in Slovakia

Salvato in:
Dettagli Bibliografici
Autore principale: Ferenčíková, Soňa, 1960-
Altri autori: Hlušková, Tatiana, 1987-
Natura: Capitolo di libro
Lingua:inglese
Soggetti:
Tags: Aggiungi Tag
Nessun Tag, puoi essere il primo ad aggiungerne!!

MARC

LEADER 00000naa a2200000 4500
001 0213918
005 20240710075745.1
041 0 |a eng 
044 |a FI 
245 1 0 |a From the Transformation to a Market Economy: The Two Decades Management Story of East-west Joint Ventures in Slovakia  |c Soňa Ferenčíková, Tatiana Hlušková 
610 2 0 |a joint ventures 
610 2 0 |a Slovensko 
610 2 0 |a investície priame zahraničné 
610 2 0 |a výkonnosť podniku 
100 1 |a Ferenčíková, Soňa, 1960- 
700 1 |a Hlušková, Tatiana, 1987-